<?xml version="1.0" encoding="UTF-8"?>
<collection xmlns="http://www.loc.gov/MARC21/slim">
 <record>
  <leader>     na                 </leader>
  <controlfield tag="001">INLIS000000000000012</controlfield>
  <controlfield tag="005">20200911092711</controlfield>
  <controlfield tag="035">$a 0010-0920000012</controlfield>
  <controlfield tag="245">$a Komik Next G: Ayahku Idolaku /$c Khairani Farras Hafizah</controlfield>
  <controlfield tag="100">$a Khairani Farras Hafizah</controlfield>
  <controlfield tag="300">$a 100 hlm. ; $c 21 cm.</controlfield>
  <controlfield tag="700">$a Desi</controlfield>
  <controlfield tag="260">$a Bandung :$b Muffin Graphics (PT Cerita Anak Bangsa),$c 2020</controlfield>
  <controlfield tag="082">$a 813</controlfield>
  <controlfield tag="084">$a 813 KHA k</controlfield>
  <controlfield tag="020">$a 978-602-367-804-4</controlfield>
  <controlfield tag="990">$a 0017/2020</controlfield>
  <controlfield tag="990">$a 0016/2020</controlfield>
 </record>
</collection>
